| 000 | 00458nam a2200181Ia 4500 | ||
|---|---|---|---|
| 005 | 20250423095444.0 | ||
| 008 | 250422s9999 xx 000 0 und d | ||
| 020 | _a9780072934250 | ||
| 050 | _aHF 5549 .N64/ | ||
| 100 | _aNoe, Raymond A... [et al.]. | ||
| 245 | 0 | _aFundamentals of human resource management | |
| 260 | _aNew York | ||
| 260 | _bMcGraw-Hill/Irwin | ||
| 260 | _c2007 | ||
| 300 | _a594 p | ||
| 650 | _aPersonnel management. | ||
| 942 | _cBK | ||
| 999 |
_c30328 _d30328 |
||